Handbook of teaching and learning for physical therapists / (رقم التسجيلة. 35339)
[ عرض عادي ]
| 000 -الفاتح | |
|---|---|
| حقل البيانات ثابتة الطول | 01388cam a2200385 a 4500 |
| 001 - رقم الضبط | |
| رقم الضبط | 17268602 |
| 003 - محدد رقم الضبط | |
| رقم الضبط | OSt |
| 005 - وقت وتاريخ اخر تعامل مع التسجيلة | |
| رقم الضبط | 20150408114220.0 |
| 008 - عناصر البيانات ثابتة الطول - معلومات عامة | |
| حقل البيانات ثابتة الطول | 120420s2013 moua f b 001 0 eng |
| 010 ## - رقم ضبط مكتبة الكونجرس | |
| رقم ضبط مكتبة الكونجرس | 2012016475 |
| 020 ## - الرقم الدولى المعيارى للكتب | |
| الرقم الدولى المعيارى للكتاب | 9781455706167 (pbk.) |
| 035 ## - رقم ضبط النظام | |
| رقم ضبط النظام | (DNLM)101582778 |
| 040 ## - مصدر الفهرسة | |
| وكالة الفهرسة الأصلية | DNLM/DLC |
| وكالة النسخ | DLC |
| وكالة التعديل | DLC |
| 042 ## - رمز التحقق | |
| رمز التحقق | pcc |
| 050 00 - رقم طلب مكتبة الكونجرس | |
| رقم التصنيف | RM706 |
| رقم المادة | .H36 2013 |
| 060 10 - رقم الطلب بالمكتبة الطبية الوطنية | |
| رقم التصنيف | WB 18 |
| 082 00 - رقم تصنيف ديوى العشرى | |
| رقم التصنيف | 615.82071 HTH |
| 245 00 - بيان العنوان | |
| العنوان | Handbook of teaching and learning for physical therapists / |
| بيان المسئوليه,etc | [edited by] Gail M. Jensen, Elizabeth Mostrom. |
| 250 ## - بيان الطبعة | |
| بيان الطبعة | 3rd ed. |
| 260 ## - PUBLICATION, DISTRIBUTION, ETC. (IMPRINT) | |
| مكان الناشر او الموزع | St. Louis, Mo. : |
| اسم الناشر او الموزع | Elsevier/Butterworth-Heinemann, |
| تاريخ النشر أو التوزيع | c2013. |
| 300 ## - الوصف المادى | |
| التعداد | xiii, 290 p. : |
| تفاصيل ماديه اخرى للوعاء | ill. ; |
| أبعاد الوعاء | 28 cm |
| 500 ## - تبصرة عامة | |
| تبصرة عامة | Rev. ed. of: Handbook of teaching for physical therapists / edited by Katherine F. Shepard, Gail M. Jensen. 2nd ed. c2002. |
| 504 ## - تبصرة ببليوجرافية | |
| تبصرة ببليوجرافية,الخ | Includes bibliographical references and index. |
| 650 12 - المدخل الاضافى بالموضوع-مصطلح موضوعى | |
| مصطلح موضوعي أو اسم جغرافي كعنصر مدخل | Physical Therapy Specialty |
| التقسيم الفرعي العام | education. |
| 9 (RLIN) | 45770 |
| 650 22 - المدخل الاضافى بالموضوع-مصطلح موضوعى | |
| مصطلح موضوعي أو اسم جغرافي كعنصر مدخل | Curriculum. |
| 650 22 - المدخل الاضافى بالموضوع-مصطلح موضوعى | |
| مصطلح موضوعي أو اسم جغرافي كعنصر مدخل | Learning. |
| 650 22 - المدخل الاضافى بالموضوع-مصطلح موضوعى | |
| مصطلح موضوعي أو اسم جغرافي كعنصر مدخل | Physical Therapists |
| التقسيم الفرعي العام | education. |
| 9 (RLIN) | 45771 |
| 650 22 - المدخل الاضافى بالموضوع-مصطلح موضوعى | |
| مصطلح موضوعي أو اسم جغرافي كعنصر مدخل | Teaching |
| التقسيم الفرعي العام | methods. |
| 9 (RLIN) | 10103 |
| 700 1# - المدخل الاضافى - اسم شخصى | |
| الإسم الشخصى | Jensen, Gail M. |
| 9 (RLIN) | 45772 |
| 700 1# - المدخل الاضافى - اسم شخصى | |
| الإسم الشخصى | Mostrom, Elizabeth. |
| 9 (RLIN) | 45773 |
| 730 0# - المدخل الاضافى- عنوان موحد | |
| عنوان موحد | Handbook of teaching for physical therapists. |
| 9 (RLIN) | 45774 |
| 906 ## - عنصر بيانات محلى F, LDF (RLIN) | |
| a | 7 |
| b | cbc |
| c | orignew |
| d | 1 |
| e | ecip |
| f | 20 |
| g | y-gencatlg |
| 942 ## - عناصر المدخل الإضافي( كوها) | |
| مصدر التصنيف او مخطط الترفيف | Dewey Decimal Classification |
| Koha [default] item type | كتاب |
| حالة الفقد | نموذج السعر الفعال | حالة تلف | ليس للاعارة | رقم الطلب | رقم النسخة | تاريخ الاكتساب | الموقع الحالي | الباركود | الفرع الرئيسي | Date last checked out | Date last seen | نوع المادة فى نظام كوها | مصدر التصنيف او خطة الترفيف | Total Checkouts |
|---|---|---|---|---|---|---|---|---|---|---|---|---|---|---|
| 2014-06-24 | Not For Loan | 615.82071 HTH | 1 | 2014-06-24 | المكتبة المركزية بالمجمعة (CL) | 00307469 | المكتبة المركزية بالمجمعة (CL) | 2017-10-05 | 2018-02-15 | كتاب | Dewey Decimal Classification | 1 | ||
| 2014-06-25 | 615.82071 HTH | 2 | 2014-06-25 | المكتبة المركزية بالمجمعة (CL) | 00307549 | المكتبة المركزية بالمجمعة (CL) | 2014-06-25 | كتاب | Dewey Decimal Classification |
